[Event "Weekend Accademia A Primavera"]
[Site "Roma ITA"]
[Date "2008.04.19"]
[Round "4"]
[White "Di Lascio, Savino"]
[Black "Di Mauro, Sebastiano"]
[Result "1-0"]
[WhiteElo "1997"]
[BlackElo "1808"]
[PlyCount "67"]
[EventDate "2008.04.18"]

1. Nf3 Nf6 2. g3 g6 3. b4 Bg7 4. Bb2 O-O 5. Bg2 d6 6. O-O e5 7. d3 Nc6 8. b5
Ne7 9. Nbd2 Bd7 10. c4 c6 11. a4 Qc7 12. Ra2 a6 13. c5 axb5 14. cxd6 Qxd6 15.
Bxe5 Qe6 16. Qa1 Ne8 17. Ne4 Bxe5 18. Nxe5 b6 19. a5 f6 20. Nxd7 Qxd7 21. axb6
Rb8 22. Ra7 Qd8 23. Nc5 Qxb6 24. Nd7 Qd8 25. Nxb8 Qxb8 26. Rxe7 Nd6 27. Bxc6 b4
28. Qa2+ Kh8 29. Rb1 Qb6 30. Qa4 Nf5 31. Rb7 Qd8 32. Qa7 Qd6 33. Rxh7+ Kg8 34.
Qb7 1-0

[Event "Weekend Accademia A Primavera"]
[Site "Roma ITA"]
[Date "2008.04.19"]
[Round "4"]
[White "Foschini, Andrea"]
[Black "Gasperoni, Claudio"]
[Result "0-1"]
[WhiteElo "1844"]
[BlackElo "1845"]
[PlyCount "77"]
[EventDate "2008.04.18"]

1. e4 e5 2. Nf3 Nc6 3. Bb5 a6 4. Ba4 Nf6 5. O-O Be7 6. Re1 b5 7. Bb3 O-O 8. c3
d6 9. h3 Na5 10. Bc2 c5 11. d4 Qc7 12. Nbd2 Nc6 13. d5 Nd8 14. Nf1 Ne8 15. Ng3
g6 16. a4 Rb8 17. axb5 axb5 18. Nh2 f6 19. Ng4 Nf7 20. Ne3 Ng7 21. Qe2 Bd7 22.
Bd2 Ra8 23. Qf1 Qb7 24. Bd3 c4 25. Bc2 Rxa1 26. Rxa1 Ra8 27. Qb1 Ra6 28. b3
Rxa1 29. Qxa1 f5 30. exf5 gxf5 31. Bxf5 Bxf5 32. Nexf5 Nxf5 33. Nxf5 Bf8 34.
bxc4 bxc4 35. Ne3 Bh6 36. Qd1 Kf8 37. Nf5 Bxd2 38. Qxd2 Qb1+ 39. Kh2 0-1

[Event "Weekend Accademia A Primavera"]
[Site "Roma ITA"]
[Date "2008.04.19"]
[Round "4"]
[White "Maddaloni, Giovanni"]
[Black "Lantini, Marco"]
[Result "0-1"]
[WhiteElo "1809"]
[BlackElo "2244"]
[PlyCount "66"]
[EventDate "2008.04.18"]

1. f4 c5 2. Nf3 g6 3. g3 Bg7 4. Bg2 Nc6 5. d3 e6 6. e4 Nge7 7. c3 d6 8. O-O O-O
9. Na3 Rb8 10. Qe1 b6 11. g4 f5 12. Qg3 fxg4 13. Qxg4 e5 14. Qh4 Qd7 15. h3 Ba6
16. Nc4 b5 17. Ne3 exf4 18. Nd5 Nxd5 19. exd5 Ne5 20. Ng5 h6 21. Ne6 g5 22. Qh5
Nxd3 23. Be4 Ne5 24. Nxf8 Rxf8 25. Bd2 Qe8 26. Qxe8 Rxe8 27. Bf5 Nc4 28. Rf2
Be5 29. Be6+ Kg7 30. a4 b4 31. cxb4 Bxb2 32. Rb1 Bd4 33. bxc5 Nxd2 0-1

[Event "Weekend Accademia A Primavera"]
[Site "Roma ITA"]
[Date "2008.04.19"]
[Round "4"]
[White "Marzio, Mario"]
[Black "De Carolis, Massimo"]
[Result "0-1"]
[WhiteElo "1480"]
[BlackElo "1980"]
[PlyCount "121"]
[EventDate "2008.04.18"]

1. e4 e6 2. d4 d5 3. exd5 exd5 4. Bd3 Nc6 5. c3 Bd6 6. Be3 Nge7 7. Nf3 O-O 8.
O-O Nf5 9. Bg5 Be7 10. Bxe7 Ncxe7 11. Nbd2 Ng6 12. Ne5 Nf4 13. Ndf3 f6 14. Ng4
Nxd4 15. Nh6+ gxh6 16. Nxd4 f5 17. Ne2 Ng6 18. Qd2 Qg5 19. f4 Qf6 20. Rae1 Bd7
21. Rf3 c5 22. Rh3 Kg7 23. Bc4 Bc6 24. Bd3 Rae8 25. Rf1 Qd6 26. Ng3 Bd7 27.
Nh5+ Kh8 28. Ng3 Qe7 29. Kh1 Qe3 30. Qc2 Nxf4 31. Nxf5 Qe5 32. Re3 Qf6 33. Rxe8
Rxe8 34. Rxf4 Re1+ 35. Rf1 Rxf1+ 36. Bxf1 Qxf5 37. Qe2 Qe6 38. Qf3 Qf5 39. Qe2
a6 40. h3 Bb5 41. Qe7 Qxf1+ 42. Kh2 Qf4+ 43. Kh1 d4 44. Qd8+ Kg7 45. Qe7+ Kg6
46. Qe6+ Kg5 47. Qe7+ Kg6 48. Qe6+ Qf6 49. Qe4+ Qf5 50. Qxb7 d3 51. Qb6+ Kg5
52. Qd8+ Kf4 53. Qd6+ Ke3 54. Qxh6+ Ke2 55. Qg7 Qe4 56. Qh6 Bc6 57. Qh5+ Kd2
58. Qg5+ Kc2 59. Qg3 Qxg2+ 60. Qxg2+ Bxg2+ 61. Kxg2 0-1

[Event "Weekend Accademia A Primavera"]
[Site "Roma ITA"]
[Date "2008.04.19"]
[Round "4"]
[White "Pecorari, Marcello"]
[Black "Piscitelli, Vito"]
[Result "1-0"]
[WhiteElo "2075"]
[BlackElo "1967"]
[PlyCount "95"]
[EventDate "2008.04.18"]

1. e4 c5 2. d4 cxd4 3. c3 Nf6 4. e5 Nd5 5. Nf3 Nc6 6. Bc4 Nb6 7. Bb3 d6 8. exd6
e6 9. cxd4 Bxd6 10. O-O Ne7 11. Nc3 Bd7 12. Ne4 Bc7 13. Ne5 Ned5 14. Qh5 Qe7
15. Bg5 Nf6 16. Qh4 Bd8 17. Ng4 Qf8 18. Bxf6 gxf6 19. Nexf6+ Bxf6 20. Nxf6+ Kd8
21. Nd5+ f6 22. Qxf6+ Qxf6 23. Nxf6 Ke7 24. Nxd7 Kxd7 25. Rfe1 Rhe8 26. Re5 Re7
27. Rae1 Rae8 28. f4 Kd6 29. f5 exf5 30. Rxe7 Rxe7 31. Rxe7 Kxe7 32. Kf2 Kf6
33. Kf3 Nc8 34. Kf4 Nd6 35. Bc2 h6 36. Bd3 b6 37. d5 b5 38. b4 a6 39. h4 Nc4
40. Bxf5 Nb6 41. Be4 Na4 42. g4 Nc3 43. g5+ hxg5+ 44. hxg5+ Kg7 45. d6 Kf8 46.
g6 Ne2+ 47. Ke5 Ng3 48. d7 1-0

[Event "Weekend Accademia A Primavera"]
[Site "Roma ITA"]
[Date "2008.04.19"]
[Round "4"]
[White "Piankov, Evgenij"]
[Black "Sibilio, Mario"]
[Result "1/2-1/2"]
[WhiteElo "2341"]
[BlackElo "2362"]
[PlyCount "146"]
[EventDate "2008.04.18"]

1. d4 c5 2. c3 Qa5 3. e3 Nf6 4. Nf3 g6 5. Nbd2 cxd4 6. exd4 Bg7 7. Bd3 O-O 8.
O-O Nc6 9. Re1 d6 10. Qe2 Bf5 11. Ne4 Bxe4 12. Bxe4 Nxe4 13. Qxe4 e5 14. dxe5
dxe5 15. Qh4 Qd8 16. Bg5 f6 17. Qc4+ Rf7 18. Be3 Qc7 19. Rad1 Rd8 20. h3 Bf8
21. Rd5 Rxd5 22. Qxd5 Qd7 23. Rd1 Qxd5 24. Rxd5 Rc7 25. Nd2 Kf7 26. Ne4 Ke6 27.
Rd1 b6 28. f4 Be7 29. fxe5 Kxe5 30. Re1 Ke6 31. Bf4 Ne5 32. Bxe5 Kxe5 33. Ng5+
Kd5 34. Rd1+ Kc6 35. Nf3 Bc5+ 36. Kf1 b5 37. Nd4+ Bxd4 38. Rxd4 Rd7 39. Rf4 f5
40. Ke2 Re7+ 41. Kd3 Re5 42. Rh4 h5 43. Rf4 g5 44. Rf1 h4 45. b3 Kd5 46. Kd2
Ke4 47. Rf3 Rd5+ 48. Ke2 f4 49. c4 bxc4 50. bxc4 Ra5 51. a3 Kd4 52. Rb3 Kxc4
53. Rb7 Kd5 54. Rb3 Ke4 55. Rb4+ Kf5 56. a4 Re5+ 57. Kf2 a5 58. Rc4 Ke6 59. Rc8
Kd5 60. Rc7 Kd4 61. Rc8 Rc5 62. Rd8+ Kc4 63. Rb8 Rd5 64. Ke2 Kc3 65. Rb5 Kc4
66. Rb8 Re5+ 67. Kf2 Kd4 68. Rd8+ Ke4 69. Rb8 Rc5 70. Re8+ Kf5 71. Rb8 Ke6 72.
Kf3 Rc3+ 73. Kf2 Rc5 1/2-1/2

[Event "Weekend Accademia A Primavera"]
[Site "Roma ITA"]
[Date "2008.04.19"]
[Round "4"]
[White "Prudenzano, Ruggero"]
[Black "Gouma, Ronald"]
[Result "1/2-1/2"]
[WhiteElo "1926"]
[BlackElo "1920"]
[PlyCount "127"]
[EventDate "2008.04.18"]

1. d4 c5 2. d5 Nf6 3. c4 b5 4. Nf3 bxc4 5. Nc3 d6 6. e4 g6 7. Bxc4 Bg7 8. O-O
O-O 9. e5 Nfd7 10. exd6 exd6 11. Bg5 f6 12. Bh4 Nb6 13. Bb3 Re8 14. Re1 Rxe1+
15. Qxe1 Bg4 16. Qe4 Bf5 17. Qe2 N8d7 18. Re1 a6 19. h3 g5 20. g4 Bg6 21. Bg3
Ne5 22. Nxe5 fxe5 23. Ne4 Kh8 24. Rd1 h6 25. f3 Be8 26. Nc3 a5 27. Bc2 Nd7 28.
Qe4 Nf6 29. Qf5 Bd7 30. Qd3 c4 31. Qxc4 Qb6+ 32. Bf2 Qxb2 33. Na4 Qb4 34. Nb6
Qxc4 35. Nxc4 Rc8 36. Bd3 Nxd5 37. Nxd6 Nc3 38. Rd2 Rf8 39. Nf5 Be6 40. a3 Rd8
41. Nxg7 Kxg7 42. Be1 Rd4 43. Bc2 Nb5 44. a4 Rxd2 45. Bxd2 Nd4 46. Bd1 Bb3 47.
Bxb3 Nxf3+ 48. Kf2 Nxd2 49. Bd5 Nb1 50. Ke3 Nc3 51. Bb3 e4 52. Bc2 Kf6 53. Kd4
Ne2+ 54. Kxe4 Ng1 55. Kd5 Nxh3 56. Bd1 Nf4+ 57. Kc4 Ke5 58. Kb5 Nd5 59. Kxa5
Kd6 60. Bf3 Nf6 61. Kb6 Nd7+ 62. Ka7 Kc7 63. Ka6 Ne5 64. Be2 1/2-1/2

[Event "Weekend Accademia A Primavera"]
[Site "Roma ITA"]
[Date "2008.04.19"]
[Round "4"]
[White "Quimi, Marco"]
[Black "Protaziuk, Grzegorz"]
[Result "1-0"]
[WhiteElo "2253"]
[BlackElo "2335"]
[PlyCount "40"]
[EventDate "2008.04.18"]

1. e4 c5 2. Nf3 e6 3. d4 cxd4 4. Nxd4 a6 5. Nc3 b5 6. g3 Qc7 7. Bg2 Bb7 8. O-O
d6 9. Re1 Nf6 10. a4 b4 11. Nd5 exd5 12. exd5+ Kd8 13. Bg5 Be7 14. Nf5 Re8 15.
Nxg7 Rf8 16. Qd4 Nxd5 17. Rxe7 Nxe7 18. Re1 Nbc6 19. Qf6 Ne5 20. Bxb7 Ra7 1-0

[Event "Weekend Accademia A Primavera"]
[Site "Roma ITA"]
[Date "2008.04.19"]
[Round "4"]
[White "Scipioni, Gaetano"]
[Black "Gatta, Flavio"]
[Result "1/2-1/2"]
[WhiteElo "2124"]
[BlackElo "1766"]
[PlyCount "55"]
[EventDate "2008.04.18"]

1. d4 Nf6 2. Nf3 c5 3. c3 e6 4. Bf4 b6 5. e3 Bb7 6. Nbd2 Be7 7. h3 O-O 8. Bd3
d5 9. O-O Nbd7 10. Qe2 Ne4 11. Rfd1 f5 12. Ne5 Nxe5 13. dxe5 Qe8 14. f3 Nxd2
15. Rxd2 Qg6 16. Rf1 Rad8 17. Bc2 c4 18. Kh2 Qe8 19. g4 fxg4 20. hxg4 g5 21.
Bg3 h5 22. e4 h4 23. Bf2 Qf7 24. Bd4 Qf4+ 25. Kg1 dxe4 26. Bxe4 Bxe4 27. Qxe4
Qxe4 28. fxe4 1/2-1/2

[Event "Weekend Accademia A Primavera"]
[Site "Roma ITA"]
[Date "2008.04.19"]
[Round "4"]
[White "Spano' Cuomo, Gaetano"]
[Black "Iovino, Antonino"]
[Result "1/2-1/2"]
[WhiteElo "1895"]
[BlackElo "1829"]
[PlyCount "81"]
[EventDate "2008.04.18"]

1. d4 d5 2. e3 Bf5 3. c4 e6 4. Nc3 Nf6 5. Nf3 h6 6. Qb3 b6 7. Be2 Be7 8. O-O
O-O 9. Bd2 dxc4 10. Bxc4 Nbd7 11. h3 c6 12. Rfe1 Ne4 13. Nxe4 Bxe4 14. Nh2 Bd5
15. e4 Bxc4 16. Qxc4 c5 17. dxc5 Nxc5 18. Bc3 Qd3 19. Qd4 Qxd4 20. Bxd4 Rfd8
21. Nf3 f6 22. Rad1 Nb7 23. Bc3 Rxd1 24. Rxd1 Rd8 25. Rxd8+ Nxd8 26. Nd4 Bc5
27. Kf1 Bxd4 28. Bxd4 Nc6 29. Bc3 e5 30. Ke2 Kf7 31. Kd3 b5 32. Bd2 Ke6 33. Be3
Kd6 34. g3 a6 35. a3 Ke6 36. f4 exf4 37. gxf4 f5 38. e5 g6 39. h4 Kd5 40. b4 h5
41. Bc5 1/2-1/2

[Event "Weekend Accademia A Primavera"]
[Site "Roma ITA"]
[Date "2008.04.19"]
[Round "4"]
[White "Tosi, Francesco"]
[Black "Parrini, Daniele"]
[Result "1/2-1/2"]
[WhiteElo "1826"]
[BlackElo "2054"]
[PlyCount "24"]
[EventDate "2008.04.18"]

1. Nf3 Nf6 2. c4 g6 3. b3 Bg7 4. Bb2 O-O 5. d4 d6 6. g3 Nbd7 7. Bg2 e5 8. dxe5
Ng4 9. O-O Ndxe5 10. Nc3 Nxf3+ 11. exf3 Ne5 12. f4 Nc6 1/2-1/2

[Event "Weekend Accademia A Primavera"]
[Site "Roma ITA"]
[Date "2008.04.19"]
[Round "4"]
[White "Tosoni, Augusto"]
[Black "Proietti, Giorgio"]
[Result "1-0"]
[WhiteElo "2265"]
[BlackElo "1944"]
[PlyCount "51"]
[EventDate "2008.04.18"]

1. d4 d5 2. c4 e6 3. Nc3 Nf6 4. Bg5 Be7 5. cxd5 exd5 6. e3 c6 7. Bd3 Ne4 8.
Bxe7 Qxe7 9. Qc2 f5 10. Nf3 Nd7 11. O-O O-O 12. Rfe1 Ndf6 13. Ne5 Bd7 14. f3
Nd6 15. Na4 Rac8 16. Nc5 b6 17. Ncxd7 Nxd7 18. Nxc6 Qe8 19. Ba6 Ra8 20. Qb3 Qf7
21. Qxd5 Qxd5 22. Ne7+ Kf7 23. Nxd5 Nf6 24. Nxf6 Kxf6 25. e4 fxe4 26. fxe4 1-0

[Event "Weekend Accademia A Primavera"]
[Site "Roma ITA"]
[Date "2008.04.20"]
[Round "5"]
[White "De Carolis, Massimo"]
[Black "Gouma, Ronald"]
[Result "1-0"]
[WhiteElo "1980"]
[BlackElo "1920"]
[PlyCount "149"]
[EventDate "2008.04.18"]

1. e4 c5 2. Nf3 Nc6 3. d4 cxd4 4. Nxd4 Nf6 5. Nc3 e5 6. Ndb5 d6 7. Bg5 a6 8.
Na3 b5 9. Nd5 Be7 10. Bxf6 Bxf6 11. c3 O-O 12. Bd3 Rb8 13. Nc2 Bg5 14. O-O Be6
15. Nce3 a5 16. a3 Ne7 17. Nxe7+ Qxe7 18. Qe2 Bxe3 19. Qxe3 d5 20. exd5 Bxd5
21. Rfe1 Rfe8 22. Bxh7+ Kxh7 23. Qd3+ e4 24. Qxd5 Rb6 25. Rad1 g6 26. Qd7 f5
27. Rd5 Rb7 28. Qxe7+ Rexe7 29. Red1 Kg7 30. g3 b4 31. axb4 axb4 32. c4 b3 33.
c5 Rec7 34. Kf1 Kf7 35. h4 Ra7 36. h5 gxh5 37. Rxf5+ Kg6 38. Rfd5 Ra2 39. R1d2
Ra1+ 40. Ke2 Rc1 41. Ke3 R7xc5 42. Rxc5 Rxc5 43. Kxe4 Rc2 44. Kd3 Rc1 45. Re2
Kf5 46. f3 Rc7 47. g4+ hxg4 48. fxg4+ Kxg4 49. Re4+ Kf5 50. Rc4 Rb7 51. Kc3 Ke5
52. Rb4 Rh7 53. Kxb3 Kd6 54. Rc4 Kd5 55. Rc8 Rh4 56. Ka3 Kd6 57. b4 Rh1 58. b5
Kd7 59. Rc3 Ra1+ 60. Kb4 Rb1+ 61. Ka5 Ra1+ 62. Kb6 Rb1 63. Ka6 Ra1+ 64. Kb7 Kd6
65. b6 Rb1 66. Ka7 Rb4 67. b7 Ra4+ 68. Kb6 Rb4+ 69. Ka6 Rb2 70. Ka7 Ra2+ 71.
Kb8 Kd7 72. Rd3+ Ke7 73. Rd5 Ke8 74. Kc7 Rc2+ 75. Kb6 1-0

[Event "Weekend Accademia A Primavera"]
[Site "Roma ITA"]
[Date "2008.04.20"]
[Round "5"]
[White "Di Mauro, Sebastiano"]
[Black "Spano' Cuomo, Gaetano"]
[Result "1-0"]
[WhiteElo "1808"]
[BlackElo "1895"]
[PlyCount "39"]
[EventDate "2008.04.18"]

1. e4 e6 2. d4 d5 3. Nc3 Bb4 4. e5 Bxc3+ 5. bxc3 c5 6. Qg4 g6 7. Nf3 c4 8. Be2
Nc6 9. O-O f5 10. exf6 Qxf6 11. Qg3 Nge7 12. Be3 Nf5 13. Qc7 h5 14. Bc1 Qg7 15.
Qxg7 Nxg7 16. Ba3 Kd7 17. Ng5 Nf5 18. Rfe1 Kc7 19. Bf3 Re8 20. Bxd5 1-0

[Event "Weekend Accademia A Primavera"]
[Site "Roma ITA"]
[Date "2008.04.20"]
[Round "5"]
[White "Gasperoni, Claudio"]
[Black "Scipioni, Gaetano"]
[Result "0-1"]
[WhiteElo "1845"]
[BlackElo "2124"]
[PlyCount "118"]
[EventDate "2008.04.18"]

1. d4 d5 2. c4 c6 3. cxd5 cxd5 4. Nc3 Nf6 5. Bf4 Qb6 6. Qb3 e6 7. e3 Be7 8.
Qxb6 axb6 9. Bxb8 Rxb8 10. Bd3 Bd7 11. Nge2 O-O 12. a3 Rfc8 13. f3 Ne8 14. Kd2
Nd6 15. Rac1 b5 16. Na2 Nc4+ 17. Bxc4 bxc4 18. Nec3 f5 19. f4 g5 20. g3 Be8 21.
Rcf1 Kf7 22. h3 gxf4 23. gxf4 Bd7 24. Rhg1 Rg8 25. Ne2 Rbf8 26. Rxg8 Rxg8 27.
Rg1 Rg6 28. Rxg6 hxg6 29. Ng1 Kg7 30. Nf3 Kh6 31. Nc3 b5 32. Na2 Be8 33. Nb4 g5
34. fxg5+ Bxg5 35. Nxg5 Kxg5 36. Na2 Kh4 37. Nc3 Kxh3 38. Ne2 Kg4 39. Nf4 Bd7
40. Ke2 Kg5 41. Nh3+ Kf6 42. Nf4 Be8 43. Kd2 Ke7 44. Ne2 Kd6 45. Nf4 e5 46. Ne2
Bh5 47. Nc3 Be8 48. Ne2 Ke6 49. dxe5 Kxe5 50. Nc3 d4 51. exd4+ Kxd4 52. Ne2+
Ke4 53. Kc3 Ke3 54. Nd4 f4 55. Nc2+ Ke2 56. Nd4+ Kd1 57. a4 bxa4 58. Kxc4 Kd2
59. Nf3+ Kc2 0-1

[Event "Weekend Accademia A Primavera"]
[Site "Roma ITA"]
[Date "2008.04.20"]
[Round "5"]
[White "Gatta, Flavio"]
[Black "Bolog, Iacint"]
[Result "0-1"]
[WhiteElo "1766"]
[BlackElo "1697"]
[PlyCount "126"]
[EventDate "2008.04.18"]

1. e4 c5 2. Nc3 e6 3. g3 d5 4. exd5 exd5 5. Bg2 Be6 6. d3 Nc6 7. Nge2 Nf6 8.
O-O Bd6 9. Nf4 Bxf4 10. Bxf4 O-O 11. Re1 h6 12. Qd2 a6 13. h4 Kh7 14. Be5 Nxe5
15. Rxe5 Qd6 16. Ree1 Rac8 17. Rad1 b5 18. Ne2 Bg4 19. Ra1 Rfd8 20. Nc3 Bf5 21.
Kh2 Rc7 22. a4 b4 23. Nd1 d4 24. b3 Rdd7 25. Nb2 Be6 26. Be4+ g6 27. Nc4 Bxc4
28. bxc4 a5 29. Qd1 h5 30. f3 Kg7 31. Qd2 Nh7 32. f4 f5 33. Bd5 Re7 34. Kg2 Nf6
35. Bf3 Ng4 36. Bxg4 hxg4 37. Rxe7+ Rxe7 38. Re1 Qc6+ 39. Kh2 Re6 40. Kg1 Kf7
41. Kh2 Qxa4 42. Rxe6 Kxe6 43. Qe2+ Kf7 44. Qe5 Qc6 45. Qh8 Qe8 46. Qh7+ Kf6
47. Qa7 Qe2+ 48. Kg1 Qd1+ 49. Kf2 Qxc2+ 50. Ke1 b3 51. Qb6+ Kg7 52. Qd8 Qc3+
53. Kd1 Qxd3+ 54. Ke1 Qxc4 55. Qe7+ Qf7 56. Qxc5 Qd7 57. Kd2 a4 58. Qe5+ Kf7
59. Qh8 Qe8 60. Qxd4 Qc6 61. Qa7+ Ke6 62. Qe3+ Kd7 63. Qd4+ Qd6 0-1

[Event "Weekend Accademia A Primavera"]
[Site "Roma ITA"]
[Date "2008.04.20"]
[Round "5"]
[White "Iovino, Antonino"]
[Black "Maddaloni, Giovanni"]
[Result "1-0"]
[WhiteElo "1829"]
[BlackElo "1809"]
[PlyCount "83"]
[EventDate "2008.04.18"]

1. e4 c5 2. Nf3 Nc6 3. d4 cxd4 4. Nxd4 e5 5. Nb5 a6 6. Nd6+ Bxd6 7. Qxd6 Qf6 8.
Qa3 Nge7 9. Bd3 b5 10. Bxb5 axb5 11. Qxa8 Nd4 12. Na3 Qg6 13. Be3 Qxg2 14.
O-O-O Ne2+ 15. Kb1 O-O 16. Nxb5 d5 17. Qa3 d4 18. Qxe7 dxe3 19. fxe3 Qxe4 20.
Nd6 Qa8 21. Nxf7 Bh3 22. Qxf8+ Qxf8 23. Rd8 Kxf7 24. Rxf8+ Kxf8 25. Re1 Bg4 26.
a4 Ke7 27. Ka2 Kd6 28. Ka3 Kd5 29. a5 Ke4 30. a6 Kxe3 31. Rf1 Be6 32. a7 Bd5
33. c3 Nf4 34. c4 Bb7 35. b4 Ke2 36. Rg1 g6 37. b5 Nd3 38. Rg5 Kd2 39. c5 Nxc5
40. Rxe5 Nd3 41. Re7 Bd5 42. b6 1-0

[Event "Weekend Accademia A Primavera"]
[Site "Roma ITA"]
[Date "2008.04.20"]
[Round "5"]
[White "Lantini, Marco"]
[Black "Di Lascio, Savino"]
[Result "1-0"]
[WhiteElo "2244"]
[BlackElo "1997"]
[PlyCount "79"]
[EventDate "2008.04.18"]

1. d4 Nf6 2. c4 g6 3. Nc3 d5 4. cxd5 Nxd5 5. Bd2 Bg7 6. e4 Nxc3 7. Bxc3 O-O 8.
Qd2 c5 9. d5 e6 10. Bxg7 Kxg7 11. d6 e5 12. Rd1 Qh4 13. Qd5 Nc6 14. g3 Qh5 15.
d7 Bxd7 16. Qxd7 Nd4 17. Bd3 Rad8 18. Qh3 Nf3+ 19. Kf1 Qxh3+ 20. Nxh3 c4 21.
Kg2 Nh4+ 22. gxh4 cxd3 23. Rd2 Rd4 24. f3 h6 25. Rhd1 Rfd8 26. Nf2 Rb4 27. Nxd3
Rbd4 28. Kf2 f5 29. Ke1 fxe4 30. Nxe5 Rxd2 31. Rxd2 Rxd2 32. Kxd2 exf3 33. Ke3
Kf6 34. Ng4+ Ke6 35. Nxh6 Kd5 36. Ng8 Kc4 37. Ne7 f2 38. Ke2 f1=N 39. Kxf1 Kd3
40. Nxg6 1-0

[Event "Weekend Accademia A Primavera"]
[Site "Roma ITA"]
[Date "2008.04.20"]
[Round "5"]
[White "Parrini, Daniele"]
[Black "Prudenzano, Ruggero"]
[Result "1-0"]
[WhiteElo "2054"]
[BlackElo "1926"]
[PlyCount "177"]
[EventDate "2008.04.18"]

1. e4 c5 2. Nf3 Nf6 3. Nc3 d6 4. d4 cxd4 5. Nxd4 a6 6. Be3 e5 7. Nb3 Be6 8. f3
d5 9. exd5 Nxd5 10. Nxd5 Qxd5 11. c4 Qxd1+ 12. Rxd1 Bb4+ 13. Kf2 Nd7 14. Be2
O-O-O 15. Rc1 f5 16. a3 Be7 17. g3 Kb8 18. Rhd1 g5 19. f4 gxf4 20. gxf4 Bh4+
21. Kf1 Ka8 22. Rd6 Bf7 23. Rcd1 Nb8 24. fxe5 Bg6 25. Bf4 Nc6 26. Nc5 Be7 27.
Rxd8+ Rxd8 28. Nd7 a5 29. Nb6+ Ka7 30. Nd5 Bc5 31. Nc7 Rxd1+ 32. Bxd1 Kb8 33.
Ne6 Be7 34. Bf3 Bf7 35. Bd5 Bg6 36. Kf2 Bh4+ 37. Ke3 Be7 38. Kd3 Kc8 39. Nd4
Nxd4 40. Kxd4 b6 41. Kc3 Kd8 42. b4 axb4+ 43. axb4 Bh4 44. Be3 Kc7 45. Kb3 Be7
46. Be6 Bh4 47. Kc3 Be1+ 48. Kb3 Bh4 49. b5 Be7 50. Kc3 Ba3 51. Bd4 f4 52. Kd2
Bh5 53. Ke1 Be7 54. Bg8 Bb4+ 55. Kf2 Bg6 56. Kf3 Bd2 57. Bd5 Bh5+ 58. Kg2 Be3
59. Bxe3 fxe3 60. Kf1 h6 61. Be6 Kd8 62. Ke1 Ke7 63. Bd5 Bg4 64. c5 bxc5 65. b6
Kd8 66. e6 Kc8 67. e7 Bh5 68. Bc6 Kb8 69. Bf3 Be8 70. Ke2 Bb5+ 71. Kxe3 Kc8 72.
b7+ Kc7 73. Kf4 c4 74. Ke3 c3 75. h4 Kb8 76. Be2 Be8 77. Ba6 Bg6 78. Ke2 Kc7
79. Bd3 Be8 80. Be4 Bb5+ 81. Kd1 Ba4+ 82. Kc1 Kb8 83. Kb1 Be8 84. Kc2 Kc7 85.
Kxc3 Bf7 86. Kd4 Kb8 87. Ke5 Kc7 88. Kf6 Be8 89. Kg7 1-0

[Event "Weekend Accademia A Primavera"]
[Site "Roma ITA"]
[Date "2008.04.20"]
[Round "5"]
[White "Pastore, Cosmas"]
[Black "Marzio, Mario"]
[Result "1-0"]
[WhiteElo "1805"]
[BlackElo "1480"]
[PlyCount "90"]
[EventDate "2008.04.18"]

1. e4 e5 2. Nf3 Nc6 3. Nc3 Nf6 4. Bb5 Bb4 5. O-O Bxc3 6. bxc3 d6 7. d3 O-O 8.
Bg5 Bg4 9. h3 Bd7 10. Re1 Nb8 11. Bc4 Be6 12. Bb3 Nbd7 13. Qd2 h6 14. Bh4 g5
15. Nxg5 hxg5 16. Bxg5 Kh8 17. f4 Rg8 18. Qf2 Rg7 19. Bxe6 fxe6 20. Rf1 exf4
21. Qxf4 Rf7 22. Rf3 Qe7 23. Raf1 Raf8 24. Qe3 b6 25. Qe1 Rh7 26. Rf4 c5 27.
R1f2 a6 28. Qf1 Rhf7 29. d4 b5 30. e5 dxe5 31. dxe5 Nxe5 32. Bxf6+ Rxf6 33.
Rxf6 Rd8 34. Qe2 Nc4 35. Rxe6 Rd1+ 36. Rf1 Rxf1+ 37. Kxf1 Qf7+ 38. Kg1 a5 39.
Re8+ Kg7 40. Re7 Qxe7 41. Qxe7+ Kg6 42. Qxc5 a4 43. Qxb5 Ne3 44. Qb6+ Kf5 45.
Qxe3 a3 1-0

[Event "Weekend Accademia A Primavera"]
[Site "Roma ITA"]
[Date "2008.04.20"]
[Round "5"]
[White "Pecorari, Marcello"]
[Black "Tosoni, Augusto"]
[Result "1-0"]
[WhiteElo "2075"]
[BlackElo "2265"]
[PlyCount "142"]
[EventDate "2008.04.18"]

1. e4 c5 2. d4 e6 3. c3 d5 4. e5 Nc6 5. Nf3 Qb6 6. Bd3 cxd4 7. cxd4 Bd7 8. O-O
Nxd4 9. Nxd4 Qxd4 10. Nc3 a6 11. Qe2 Ne7 12. Kh1 Nc6 13. f4 Nb4 14. Rd1 Nxd3
15. Rxd3 Qb6 16. Be3 Bc5 17. Bxc5 Qxc5 18. Qg4 g6 19. Rad1 O-O-O 20. Ne4 dxe4
21. Rc3 Qxc3 22. bxc3 Bc6 23. Rd6 Rxd6 24. exd6 Rd8 25. Qd1 Bd5 26. Kg1 b5 27.
Kf2 Rxd6 28. a4 Rc6 29. axb5 Rxc3 30. bxa6 e3+ 31. Ke1 Rb3 32. Qd4 Kb8 33. Ke2
Ka8 34. g4 h5 35. h3 f5 36. gxh5 gxh5 37. Qc5 h4 38. Qd4 Ra3 39. Qc5 Rb3 40.
Qd4 Kb8 41. Qc5 Rb2+ 42. Kxe3 Rb3+ 43. Kd4 Rxh3 44. Ke5 Ka8 45. Qb6 Rb3 46.
Qd8+ Ka7 47. Qxh4 Kxa6 48. Qf2 Kb5 49. Kd6 Kc4 50. Ke5 Kd3 51. Qf1+ Ke3 52.
Qe1+ Kf3 53. Qf1+ Kg4 54. Qg1+ Rg3 55. Qd1+ Kh4 56. Qe1 Kh3 57. Qe2 Rg2 58.
Qe3+ Kg4 59. Qe1 Kf3 60. Qc3+ Kg4 61. Qd3 Be4 62. Qf1 Bd5 63. Qd3 Rf2 64. Qd1+
Bf3 65. Qc1 Re2+ 66. Kf6 Re4 67. Qd2 Re2 68. Qd4 Bd5 69. Qd1 Bf3 70. Qd4 Re4
71. Qg1+ Kxf4 1-0

[Event "Weekend Accademia A Primavera"]
[Site "Roma ITA"]
[Date "2008.04.20"]
[Round "5"]
[White "Piankov, Evgenij"]
[Black "Quimi, Marco"]
[Result "1/2-1/2"]
[WhiteElo "2341"]
[BlackElo "2253"]
[PlyCount "156"]
[EventDate "2008.04.18"]

1. d4 Nf6 2. Nf3 d5 3. Bf4 Bf5 4. e3 e6 5. Bd3 Nbd7 6. Bxf5 exf5 7. O-O Be7 8.
c4 c6 9. Qc2 g6 10. cxd5 Nxd5 11. Bh6 Bf8 12. Bxf8 Kxf8 13. Nc3 N7f6 14. Rab1
Qe7 15. Nxd5 Nxd5 16. b4 a6 17. Qc5 Kg7 18. Rfc1 Rhe8 19. Ne5 f6 20. Qxe7+ Rxe7
21. Nd3 f4 22. exf4 Re4 23. Nc5 Re2 24. a3 Nxf4 25. Nb3 Rae8 26. h3 Ra2 27. Re1
Rxe1+ 28. Rxe1 Rxa3 29. Na5 Nd5 30. Nxb7 Rb3 31. Na5 Rc3 32. Re6 Nxb4 33. Re7+
Kh6 34. Ra7 Rc2 35. Rxa6 Nd3 36. Rb6 Rc1+ 37. Kh2 c5 38. Ra6 Nxf2 39. dxc5 Rh1+
40. Kg3 Ne4+ 41. Kf3 Nxc5 42. Rc6 Rf1+ 43. Ke2 Rf5 44. Nc4 Ne4 45. Re6 Ng3+ 46.
Ke3 Rf1 47. Ra6 f5 48. Ne5 f4+ 49. Kd3 Rd1+ 50. Kc4 Nf5 51. Ra7 Ne3+ 52. Kc3
Rd5 53. Re7 Nxg2 54. Ng4+ Kg5 55. Rxh7 f3 56. Nf2 Kf4 57. Rf7+ Rf5 58. Rg7 g5
59. Kd4 Ne1 60. h4 Nc2+ 61. Kc3 Rc5+ 62. Kd2 Nb4 63. hxg5 Rc2+ 64. Ke1 Kg3 65.
Ne4+ Kg2 66. Kd1 Re2 67. Nd2 Nd5 68. Nxf3 Nc3+ 69. Kc1 Na2+ 70. Kd1 Nc3+ 71.
Kc1 Kxf3 72. g6 Rg2 73. Rg8 Ke3 74. g7 Ne4 75. Kb1 Nc3+ 76. Kc1 Ne4 77. Kb1
Nc3+ 78. Kc1 Ne4 1/2-1/2

[Event "Weekend Accademia A Primavera"]
[Site "Roma ITA"]
[Date "2008.04.20"]
[Round "5"]
[White "Piscitelli, Vito"]
[Black "Mazza, Maurizio"]
[Result "1-0"]
[WhiteElo "1967"]
[BlackElo "1750"]
[PlyCount "49"]
[EventDate "2008.04.18"]

1. e4 e5 2. Nf3 Nc6 3. d4 exd4 4. Nxd4 Bc5 5. Nxc6 bxc6 6. Nc3 Qf6 7. Qd2 a5 8.
Qf4 Bd4 9. Nd1 Ne7 10. c3 Be5 11. Qxf6 Bxf6 12. Bf4 d6 13. Ne3 Rb8 14. O-O-O
Be6 15. Bc4 O-O 16. Bg3 Rb7 17. Bxe6 fxe6 18. Rd2 a4 19. Rc2 Ng6 20. Nc4 e5 21.
Rd1 Bg5+ 22. Kb1 Nf4 23. f3 Nh5 24. Bf2 Nf6 25. Na5 1-0

[Event "Weekend Accademia A Primavera"]
[Site "Roma ITA"]
[Date "2008.04.20"]
[Round "5"]
[White "Protaziuk, Grzegorz"]
[Black "Tosi, Francesco"]
[Result "1-0"]
[WhiteElo "2335"]
[BlackElo "1826"]
[PlyCount "23"]
[EventDate "2008.04.18"]

1. e4 c5 2. Nc3 a6 3. a4 b6 4. g3 Bb7 5. Bg2 e6 6. Nge2 d6 7. O-O Nd7 8. d3 Rc8
9. f4 Be7 10. f5 exf5 11. Rxf5 Ngf6 12. e5 1-0

[Event "Weekend Accademia A Primavera"]
[Site "Roma ITA"]
[Date "2008.04.20"]
[Round "5"]
[White "Sibilio, Mario"]
[Black "Caprio, Guido"]
[Result "1-0"]
[WhiteElo "2362"]
[BlackElo "2140"]
[PlyCount "33"]
[EventDate "2008.04.18"]

1. b3 e5 2. Bb2 Nc6 3. e3 Nf6 4. Bb5 Bd6 5. Na3 Na5 6. Nf3 a6 7. Be2 b5 8. c4
Qe7 9. Qc1 b4 10. Nc2 c5 11. d4 exd4 12. exd4 O-O 13. d5 Qe4 14. Qd1 Re8 15.
Kf1 Nh5 16. Bd3 Qf4 17. Ne3 1-0